000 00441 a2200121 4500
020 _a0870310380 (pbk.)
082 _a624.183421 ACI
245 _aCode provisions for deflection control in concrete structures /
_cco-editors, Edward G. Nawy, Andrew Scanlon.
260 _aFarmington Hills, Mich. :
_bAmerican Concrete Institute,
_c2001.
300 _a206 p. :
_bill. ;
_c23 cm.
650 _aConcrete construction
650 _aConcrete
_xTesting
830 0 _aPublication SP ;
999 _c1415
_d1415